assassin's creed personnages - Statistiques

Statistiques générales
  • Ce quiz a été pris 713 fois
  • Le résultat moyen est 7 sur 16
Statistiques - réponses
jeu personnage % Correct
ac 2 ezio auditore
87%
ac 4 black flag edward kenway
71%
ac 3 connor kenway
61%
ac odyssey kassandra
56%
ac origins bayek de siwa
52%
ac odyssey alexios
50%
ac 1,2,brotherhood,revelation,3 desmond miles
48%
ac syndicate evie frye
45%
ac syndicate jacob frye
45%
ac altair ibn la ahad
36%
ac freedom cry adéwalé
30%
ac rogue shay patrick cormac
28%
ac 3 haytam kenway
26%
ac liberation aveline de grandpré
24%
ac unity arno victor dorian
21%
ac origins aya d'alexandrie
11%
Aucun quiz correspondant
Distribution des résultats
% des personnes avec chaque résultat
Percentile par nombre de réponses
Votre historique - résultats
Vous n’avez pas pris ce quiz